Grèce ou Turquie - Statistiques

Statistiques générales
  • Ce quiz a été pris 758 fois
  • Le résultat moyen est 12 sur 15
Statistiques - réponses
Question Réponse % Correct
A plus de population? Turquie
97%
Est-il musulman? Turquie
97%
La superficie est-elle plus grande? Turquie
96%
A plus d'îles? Grèce
94%
Bordé par la mer Noire? Turquie
93%
Est-ce dans l'UE? Grèce
92%
Avez-vous une armée plus forte? Turquie
92%
A accueilli les Jeux olympiques? Grèce
89%
A participé à une guerre en cours? Turquie
89%
A un passeport plus puissant? Grèce
74%
A plus de PIB? Turquie
74%
Le PIB par habitant est-il plus élevé? Grèce
53%
A plus de touristes? Turquie
53%
Vous avez combattu pendant la Seconde Guerre mondiale? Grèce
45%
Avait-il un plus grand empire? Grèce (Empire macédonien)
17%
Aucun quiz correspondant
Distribution des résultats
% des personnes avec chaque résultat
Percentile par nombre de réponses
Votre historique - résultats
Vous n’avez pas pris ce quiz